| 000 | 00825cab a22002175a 4500 | ||
|---|---|---|---|
| 001 | L152860 | ||
| 008 | 110509e20110430xxk 000 0 eng d | ||
| 035 | _a(Sirsi) u152860 | ||
| 041 | 0 | _aeng | |
| 100 | 1 | _aThame, David | |
| 245 | 0 | 0 |
_aFocus _bLancashire and Cumbria |
| 260 | _c2011 | ||
| 490 |
_aEstates Gazette _v(1117) 30 April 2011, 49-61(10) |
||
| 520 | _aLooks at the progress of five key developments in the region including Barnfield's Technology Park in Burnley and St Modwen's Weavers' Triangle in Burnley. Also features regeneration plans in Preston and land allocation for development issues in South Lakeland District Council. | ||
| 590 | _aKA | ||
| 651 | 4 | _aLancashire | |
| 651 | 4 | _aCumbria | |
| 690 | _aPROPERTY-COMMERCIAL PROPERTY-COMMERCIAL PROPERTY MARKET | ||
| 700 | 1 | _aQuinn, David | |
| 942 | _n0 | ||
| 999 |
_c83124 _d83124 |
||